000 00462nam a2200193Ia 4500
005 20240823033344.0
008 240823s9999||||xx |||||||||||||| ||und||
020 _a978-81-8402-535-4
041 _aENGLISH
082 _A158.2 P9
100 _aKalyana Sundaram M
245 0 _aMagizhchiyin Malarchi
250 _a1st
260 _c2009
_b"Kannadhasan Pathippagam,Ch"
500 _aYES
650 _aTamil Books
_bGeneral
942 _cBK
999 _c195613
_d195613